| 000 | 00406nam a2200169Ia 4500 | ||
|---|---|---|---|
| 008 | 210210b1946 xxu||||| |||| 00| 0 eng d | ||
| 041 | _aeng | ||
| 082 | _a825/920 | ||
| 100 | _aWILSON (F P) | ||
| 245 | _aElizabethan and Jacobean | ||
| 260 |
_aOxford _bAt the Clarendon Press _c1946 |
||
| 650 | _aJacobean | ||
| 650 | _aElizabethan | ||
| 650 | _aand | ||
| 690 | _aEnglish Criticism | ||
| 906 | _a015236 | ||
| 999 |
_c134553 _d134553 |
||